| 000 | 02001nam a22003855a 4500 | ||
|---|---|---|---|
| 003 | OSt | ||
| 005 | 20170410125914.0 | ||
| 008 | 170410s2016 ua frb 000 0 ara d | ||
| 015 | _a2015 / 19225 | ||
| 020 | _a9789770478943 | ||
| 040 |
_aEG-ScBUE _bara _cEG-ScBUE |
||
| 043 |
_af-ua--- _aa-ts--- _aa-le--- _af-mk--- _ae-fr--- |
||
| 082 | 0 | 4 |
_a344.04121 _bع ا د _222 |
| 100 | 1 | _aعادلي، محمود صالح. | |
| 245 | 1 | 2 |
_aالمسئولية الجنائية عن التقارير الطبية الكاذبة في ضوء آراء الفقه وأحكام القضاء / _cمحمود صالح العادلي. |
| 250 | _aط. 1. | ||
| 260 |
_aالقاهرة : _bدار النهضة العربية، _c2016. |
||
| 300 |
_a131 ص. ؛ _c24 سم. |
||
| 490 | 0 |
_aموسوعة العادلي الجنائية ؛ _v3 |
|
| 504 | _aيشتمل على إرجاعات ببليوجرافية. | ||
| 650 | 7 |
_aالمسئولية الجنائية للأطباء _zمصر. _2BUEsh _941154 |
|
| 650 | 7 |
_aالمسئولية الجنائية للأطباء _zسلطنة عمان. _2BUEsh |
|
| 650 | 7 |
_aالمسئولية الجنائية للأطباء _zلبنان. _2BUEsh |
|
| 650 | 7 |
_aالمسئولية الجنائية للأطباء _zالإمارات العربية المتحدة. _2BUEsh |
|
| 650 | 7 |
_aالمسئولية الجنائية للأطباء _zفرنسا. _2BUEsh |
|
| 650 | 7 |
_aالمسئولية المدنية للأطباء _zمصر. _2BUEsh |
|
| 650 | 7 |
_aالمسئولية المدنية للأطباء _zلبنان. _2BUEsh |
|
| 650 | 7 |
_aالمسئولية المدنية للأطباء _zالإمارات العربية المتحدة. _2BUEsh |
|
| 650 | 7 |
_aالمسئولية المدنية للأطباء _zفرنسا. _2BUEsh |
|
| 650 | 7 |
_aالمسئولية المدنية للأطباء _zسلطنة عمان. _2BUEsh |
|
| 650 | 7 |
_aالمسئولية الجنائية للأطباء (فقه إسلامي) _2BUEsh |
|
| 651 | _2BUEsh | ||
| 653 |
_bLLAAWW _cApril2017 |
||
| 942 | _2ddc | ||
| 999 |
_c24640 _d24612 |
||